000 00776 a2200193 4500
003 NUST
005 20251219141046.0
040 _cNust
082 _a621.382,ALI
100 _aAli, Waqar. (TE-48)
_9132494
245 _aDesign of S-BAnd Low Noise Amplifier and Band Pass Filter /
_cNC Waqar Ali andASC Asad Hayat
260 _aRawalpindi
_bMCS (NUST)
_cJune 2015
300 _a31 p.;
505 _aIntroduction (Page-1), Scope, Specification and Deliverable of the Project (Page-13), Detailed Designed (Page-15), Band Pass Filter (Page-24), Problem Faced (Page-30), Recommendation for Future Work (Page-30), Conclusion (Page-30).
650 _aUG Project
_9131132
651 _aTE-48
700 _aSupervised by Dr. Farooq Ahmed Bhatti.
_9132495
942 _cPR
_2ddc
999 _c217228
_d217228